Game Of Thrones/ HOTD Quiz - Statistics

General Stats
  • This quiz has been taken 220 times
  • The average score is 21 of 35
Answer Stats
Hint Answer % Correct
Who is the sister of Tyrion Lannister? Cersei Lannister
79%
Which dragon does Daenerys ride? Drogon
78%
How many wives did Daemon Targaryen have in House Of The Dragon (including Mysaria) 4
77%
Which Targaryen did Jaime Lannister kill? Aerys Targaryen
77%
Which dragon is called 'The Black Dread'? Balerion
77%
The most hated on Lannister by their own family Tyrion Lannister
77%
The direwolf of Jon Snow? Ghost
73%
Also known as 'Reek'? Theon Greyjoy
73%
Who is called 'The Rogue Prince'? Daemon Targaryen
71%
Who is called 'The Spider'? Varys
70%
the man who betrayed Daenerys but came back Jorah Mormont
68%
direwolf of Arya Stark? Nymeria
67%
Who is the hand of the king in house of the dragon? (The main hand) Otto Hightower
67%
Who killed Rickon Stark? Ramsay Bolton
67%
The wife of Corlys Velaryon Rhaenys Targaryen
67%
Which dragon does Rhaenyra Targaryen ride? Syrax
65%
who said the following quote?"It is I who studies history and philosophy, rides the largest dragon in the world, it is I who should be king?" Aemond Targaryen
64%
the fat man of the nights watch Samwell Tarly
64%
dragon of the answer above Meleys
63%
Who is the dragon of the answer above? Caraxes
62%
killed by Aemond Targaryen after he lost control of Vhagar Lucerys Velaryon
60%
The main seat in Westeros The Iron Throne
59%
sister of the answer above? Yara Greyjoy
59%
What was Aegon 1 Targaryen's title? The Conqueror
55%
Who is Daenerys' lover in Season 5? Daario Nahaaris
53%
Who is the most loyal squire in Game Of Thrones? Podrick Payne
51%
wildling friend of Jon Snow Tormund
50%
The cunning Master of Coin? Littlefinger
49%
Who was killed by Daemon Targaryen after calling Rhaenyra's sons bastards? Vaemond Velaryon
44%
The Knight who was said to be killed by Ned Stark who was guarding his sister Lyanna? Arthur Dayne
43%
Who is the biggest alive dragon in the world? (House Of The Dragon)(Its not Vhagar) The Cannibal
43%
Who revives Beric Dondarrion? Thoros
43%
Who is the most feared knight in Game Of Thrones? The Mountain
39%
What is Viserys 1 Targaryen called after he dies? (no name included) The Peaceful
38%
Who killed Joffrey Baratheon? Oleena Tyrell
1%
No matching quizzes found
Score Distribution
Percent of People with Each Score
Percentile by Number Answered
Your Score History
You have not taken this quiz